| 000 | 00358nam a2200109Ia 4500 | ||
|---|---|---|---|
| 008 | 220216s9999 xx 000 0 und d | ||
| 100 | _aPiddlesden J H | ||
| 245 | 0 | _aNotes on the selection of rubber factory equipment and the manufacture of smoked sheet | |
| 260 |
_bJournal of the Rubber Research Institute of Malaya _c1938 |
||
| 300 | _a163-178 | ||
| 942 | _cJS | ||
| 999 |
_c64080 _d64080 |
||